[Event "Riga RTU rapid op"]
[Site "Riga"]
[Date "2019.07.04"]
[Round "4"]
[White "Bagatais, Janis"]
[Black "Bracker, Arne"]
[Result "0-1"]
[WhiteElo "1946"]
[BlackElo "2227"]
[PlyCount "54"]
[EventDate "2019.07.04"]
[EventType "swiss (rapid)"]
[EventRounds "9"]
[EventCountry "LAT"]
[SourceTitle "EXT 2020"]
[Source "ChessBase"]
[SourceDate "2019.10.17"]
[SourceVersion "1"]
[SourceVersionDate "2019.10.17"]
[SourceQuality "1"]

1. e4 e5 2. Nf3 Nc6 3. Bc4 Nf6 4. d3 Bc5 5. 0-0 0-0 6. c3 d6 7. Re1 a6 8. Bb3 Ba7 9. Nbd2 Ng4 10. Re2 Kh8 11. h3 Nh6 12. Nf1 f5 13. Bxh6 gxh6 14. exf5 Bxf5 15. Kh2 Qf6 16. Ne3 Rae8 17. Nxf5 Qxf5 18. Qd2 Qf6 19. Rae1 Re7 20. d4 Rg7 21. dxe5 Rxg2+ 22. Kxg2 Qxf3+ 23. Kg1 Qg3+ 24. Kf1 Qxh3+ 25. Kg1 Nxe5 26. Rxe5 Qg3+ 27. Kh1 Qh4+ 0-1

[Event "Riga RTU rapid op"]
[Site "Riga"]
[Date "2019.07.04"]
[Round "6"]
[White "Bagatais, Janis"]
[Black "Kleinschroth, Roland"]
[Result "1-0"]
[WhiteElo "1946"]
[BlackElo "2082"]
[PlyCount "101"]
[EventDate "2019.07.04"]
[EventType "swiss (rapid)"]
[EventRounds "9"]
[EventCountry "LAT"]
[SourceTitle "EXT 2020"]
[Source "ChessBase"]
[SourceDate "2019.10.17"]
[SourceVersion "1"]
[SourceVersionDate "2019.10.17"]
[SourceQuality "1"]

1. e4 e5 2. Nf3 d6 3. d4 exd4 4. Nxd4 Nf6 5. Nc3 Be7 6. Be2 0-0 7. 0-0 Re8 8. f4 c5 9. Nf3 Bf8 10. e5 Ng4 11. h3 Nh6 12. Bb5 Nc6 13. exd6 Qxd6 14. Qxd6 Bxd6 15. Bxc6 bxc6 16. g4 Ba6 17. Re1 Rxe1+ 18. Nxe1 Re8 19. Bd2 f6 20. Nd3 c4 21. Nf2 Bc5 22. Kf1 Nf7 23. Re1 Kf8 24. Rxe8+ Kxe8 25. Nfe4 Bd4 26. Ke2 Kd7 27. Be3 c5 28. Nxc5+ Bxc5 29. Bxc5 g5 30. Bxa7 gxf4 31. Kf3 Ke6 32. Kxf4 Bb7 33. Ne4 Bxe4 34. Kxe4 Nd6+ 35. Kf4 Nb5 36. Bf2 c3 37. bxc3 Nxc3 38. a3 Na4 39. c4 Nb2 40. c5 Nd3+ 41. Kf3 Kd5 42. a4 Ne5+ 43. Ke2 Nc6 44. Kd3 Na5 45. Kc3 Nc6 46. Bg1 Na5 47. Kb4 Nc6+ 48. Kb5 Na7+ 49. Kb6 Nc8+ 50. Kc7 Na7 51. a5 1-0

[Event "Riga RTU rapid op"]
[Site "Riga"]
[Date "2019.07.04"]
[Round "7"]
[White "Vedrickas, Tautvydas"]
[Black "Bagatais, Janis"]
[Result "1-0"]
[WhiteElo "2231"]
[BlackElo "1946"]
[PlyCount "47"]
[EventDate "2019.07.04"]
[EventType "swiss (rapid)"]
[EventRounds "9"]
[EventCountry "LAT"]
[SourceTitle "EXT 2020"]
[Source "ChessBase"]
[SourceDate "2019.10.17"]
[SourceVersion "1"]
[SourceVersionDate "2019.10.17"]
[SourceQuality "1"]

1. d4 Nf6 2. c4 e6 3. Nc3 d5 4. cxd5 Nxd5 5. Nf3 Nxc3 6. bxc3 c5 7. e3 cxd4 8. exd4 Bd6 9. Bd3 h6 10. 0-0 0-0 11. Rb1 Nd7 12. Rb5 Nf6 13. Bxh6 gxh6 14. Qd2 Nd5 15. Qxh6 f5 16. Qg6+ Kh8 17. Ng5 Qd7 18. Bc4 Nc7 19. Re1 Qg7 20. Qh5+ Kg8 21. Rxb7 Bxb7 22. Rxe6 Rf7 23. Rxd6 Re8 24. Bxf7+ 1-0